Normal view
MARC view
Entry Topical Term
001 - CONTROL NUMBER
- control field: 16855
003 - CONTROL NUMBER IDENTIFIER
- control field: HDC
005 - DATE AND TIME OF LATEST TRANSACTION
- control field: 20230624073506.0
008 - FIXED-LENGTH DATA ELEMENTS
- fixed length control field: 210224|| aca||aabn | a|a d
040 ## - CATALOGING SOURCE
- Original cataloging agency: HDC
- Transcribing agency: HDC
150 ## - HEADING--TOPICAL TERM
- Topical term or geographic name entry element: World Halal Forum 2011 (WHF 2011)
670 ## - SOURCE DATA FOUND
- Source citation: Work cat.: (HDC): Malaysia: WHF 2011 Underlines Malaysia’s Commitment To Halal Industry, 2011
